| Tag |
First Indicator |
Second Indicator |
Subfields |
| LEADER |
00000cam a2200000 4500 |
| 001 |
in00003883421 |
| 005 |
20190416170541.0 |
| 006 |
m o d |
| 007 |
cr |n||||||||n |
| 008 |
890712s1798 ie |||| o o00||||eng c |
| 035 |
|
|
|a (CU-RivES)T193598
|
| 035 |
|
|
|a (Uk-ES)006288247
|
| 035 |
|
|
|a (OCoLC)508737869
|
| 040 |
|
|
|a Uk-ES
|c Uk-ES
|d CStRLIN
|d Cengage Gale
|d UtOrBLW
|
| 110 |
1 |
|
|a Great Britain.
|b Army.
|
| 240 |
1 |
0 |
|a Miscellaneous reports. 1798-09-28
|
| 245 |
1 |
0 |
|a Extracts of letters from Major General Trench to Captain Taylor, private secretary to His Excellency the Lord Lieutenant, dated camp, near Killalla, the 24th and 26th instant.
|
| 264 |
|
3 |
|a Dublin :
|b Printed by George Grierson, printer to the King's Most Excellent Majesty,
|c [1798]
|
| 300 |
|
|
|a 1 online resource (2 pages)
|
| 336 |
|
|
|a text
|b txt
|2 rdacontent
|
| 337 |
|
|
|a computer
|b c
|2 rdamedia
|
| 338 |
|
|
|a online resource
|b cr
|2 rdacarrier
|
| 500 |
|
|
|a Dated at head: 'Dublin Castle, 28th September, 1798'.
|
| 500 |
|
|
|a In this edition, the second line of the title ends: "the" and line 49 of the text ends: "270".
|
| 509 |
|
|
|a D has two further editions, one with "24th" and "two", the other with "the" and "two"
|
| 510 |
4 |
|
|a English Short Title Catalog,
|c T193598.
|
| 500 |
|
|
|a Reproduction of original from National Library of Ireland.
|
| 500 |
|
|
|a Electronic resource.
|
| 610 |
2 |
0 |
|a Dublin Castle (Dublin, Ireland)
|x History
|y 18th century.
|
| 655 |
|
7 |
|a Electronic books.
|2 local
|
| 700 |
1 |
|
|a Trench,
|c Major-General.
|
| 710 |
2 |
|
|a Gale (Firm)
|0 http://id.loc.gov/authorities/names/no2008071348
|
| 752 |
|
|
|a Ireland
|d Dublin.
|
| 856 |
4 |
0 |
|u http://proxy.library.tamu.edu/login?url=http://find.galegroup.com/ecco/infomark.do?contentSet=ECCOArticles&docType=ECCOArticles&bookId=1634101800&type=getFullCitation&tabID=T001&prodId=ECCO&docLevel=TEXT_GRAPHICS&version=1.0&source=library&userGroupName=txshracd2898
|z Connect to the full text of this electronic book
|t 0
|
| 999 |
f |
f |
|s 657365d8-bfa9-3b2e-b020-9fba1a1702fb
|i 1137d7b9-c5e6-33d8-9e87-22518985e4c1
|t 0
|
| 952 |
f |
f |
|a Texas A&M University
|b College Station
|c Electronic Resources
|d Available Online
|t 0
|h No information provided
|
| 998 |
f |
f |
|t 0
|l Available Online
|